000 00367 a2200145 4500
001 186840
020 _a
040 _cMagnum
100 _aEquipe Técnica de Meio Ambiente Assessoria de Comunicação Social
240 1 0 _aA samitri e o meio ambiente
_lpor
245 1 0 _aA samitri e o meio ambiente
300 _a12
697 _aLITERATURA INFANTO
942 _cBK
999 _c186840
_d186840